|
|
|
|
| LEADER |
00000nam a2200000Ii 4500 |
| 001 |
DIGVEDIV0402 |
| 003 |
NyNyDIG |
| 008 |
220322s2013 sp ob 000 0 spa d |
| 006 |
m o d |
| 007 |
cr ||||||||||| |
| 020 |
|
|
|a 9788499459233
|q eBook
|q pdf
|
| 020 |
|
|
|z 9788481692556
|
| 035 |
|
|
|a (OCoLC)899005847
|
| 040 |
|
|
|a DGITA
|b eng
|e rda
|e spa
|c DGITA
|
| 041 |
1 |
|
|a spa
|h por
|
| 050 |
1 |
4 |
|a BS2555.4 ebook
|
| 082 |
0 |
4 |
|a 226.06
|
| 100 |
1 |
|
|a Mesters, Carlos,
|e author.
|
| 240 |
1 |
0 |
|a Seguir Jesus.
|l Spanish
|s (Rodríguez Martínez)
|
| 245 |
1 |
0 |
|a Seguir a Jesús :
|b los evangelios /
|c Carlos Mesters y equipo bíblico CRB ; adaptación, La Casa de la Biblia ; traducción, Atilano Rodríguez.
|
| 264 |
|
1 |
|a Estella (Navarra), España :
|b EVD, Editorial Verbo Divino,
|c 2013.
|
| 300 |
|
|
|a 1 online resource.
|
| 336 |
|
|
|a text
|b txt
|2 rdacontent
|
| 337 |
|
|
|a computer
|b c
|2 rdamedia
|
| 338 |
|
|
|a online resource
|b cr
|2 rdacarrier
|
| 347 |
|
|
|a text file
|2 rdaft
|
| 347 |
|
|
|b PDF
|
| 490 |
1 |
|
|a Serie Tú palabra es vida ;
|v 5
|
| 504 |
|
|
|a Includes bibliographical references.
|
| 588 |
0 |
|
|a Online resource; title from PDF title page (Digitalia, viewed March 22, 2022).
|
| 630 |
0 |
0 |
|a Bible.
|p Gospels
|x Meditations.
|
| 650 |
|
0 |
|a Christian life
|x Catholic authors.
|
| 655 |
|
0 |
|a Electronic books.
|
| 700 |
1 |
|
|a Rodríguez Martínez, Atilano,
|d 1946-
|e translator.
|
| 700 |
1 |
|
|i Translation of:
|a Mesters, Carlos.
|t Seguir Jesus.
|
| 710 |
2 |
|
|a La Casa de la Biblia.
|
| 791 |
2 |
|
|a Digitalia (Firm),
|e distributor.
|
| 793 |
0 |
|
|g Digitalia eBook Collection:
|a Editorial Verbo Divino.
|
| 776 |
0 |
8 |
|i Print version:
|a Mesters, Carlos.
|s Seguir Jesus. Spanish (Rodríguez Martínez).
|t Seguir a Jesús.
|d Estella (Navarra), España : EVD, Editorial Verbo Divino, 2013
|z 9788481692556
|
| 830 |
|
0 |
|a Palabra y vida ;
|v 5.
|
| 856 |
4 |
0 |
|3 Digitalia Hispánica
|u https://www.digitaliapublishing.com/a/51123/
|
| 910 |
|
|
|a Premium collection: 2022
|